000 00288nam a22001337a 4500
008 181106b xxu||||| |||| 00| 0 eng d
020 _a0671240595
041 _aeng
080 _a612.39
100 _a10
101 _aNUT
245 _aTotal Nutrition
_cPfeiffer,C.C
942 _2udc
_cBK
999 _c51980
_d51980